Die jüngsten Champions League-Torschützen seit 2000 - Statistiken

Allgemein
  • Dieses Quiz wurde 70 mal gespielt
  • Das Durchschnittsergebnis liegt bei 10 aus 30
Antwortstatistiken
Alter Datum Nation Verein Spieler % Korrekt
17J 2M 6T 19.09.2024 Spanien FC Barcelona Lamine Yamal
95%
17J 11M 28T 23.02.2021 Deutschland Bayern München Jamal Musiala
80%
17J 9M 16T 14.04.2021 England Borussia Dortmund Jude Bellingham
72%
18J 4M 9T 02.11.2005 Argentinien FC Barcelona Lionel Messi
69%
17J 10M 25T 20.10.2020 Spanien FC Barcelona Pedri
69%
17J 1M 9T 10.12.2019 Spanien FC Barcelona Ansu Fati
67%
18J 2M 1T 21.02.2017 Frankreich AS Monaco Kylian Mbappe
64%
18J 4M 24T 20.09.2023 Frankreich Bayern München Mathys Tel
61%
18J 5M 18T 08.03.2017 USA Borussia Dortmund Christian Pulisic
59%
17J 7M 3T 07.12.2004 Spanien FC Arsenal Cesc Fabregas
54%
18J 1M 27T 17.09.2024 Brasilien Real Madrid Endrick
52%
17J 9M 5T 13.12.2023 Frankreich Paris Saint-Germain Warren Zaire-Emery
41%
17J 9M 25T 21.10.2008 Wales FC Arsenal Aaron Ramsey
39%
17J 7M 4T 01.04.2008 Spanien FC Barcelona Bojan Krkic
31%
17J 11M 17T 06.12.2005 Frankreich Olympique Lyon Karim Benzema
31%
17J 11M 12T 02.11.2022 England Manchester City Rico Lewis
26%
17J 4M 27T 13.09.2022 Norwegen FC Club Brügge Antonio Nusa
25%
17J 8M 21T 04.11.2014 Schweiz FC Basel Breel Embolo
21%
18J 2M 23T 04.11.2008 Italien Inter Mailand Mario Balotelli
18%
18J 1M 13T 28.09.2011 England FC Arsenal Alex Oxlade-Chamberlain
11%
18J 4M 19T 19.03.2003 Nigeria Inter Mailand Obafemi Martins
10%
18J 5M 24T 22.11.2016 Deutschland Borussia Dortmund Felix Passlack
8%
17J 11M 9T 13.12.2023 Spanien FC Barcelona Marc Guiu
7%
17J 7M 1T 07.12.2011 Kroatien Dinamo Zagreb Mateo Kovacic
7%
18J 2M 19T 18.02.2003 Niederlande Ajax Amsterdam Nigel de Jong
7%
17J 11M 24T 08.11.2023 Schweden FC Kopenhagen Roony Bardghji
7%
17J 3M 27T 13.12.2023 Nigeria Royal Antwerpen George Ilenikhena
0%
18J 1M 28T 27.09.2006 Bulgarien Levski Sofia Mariyan Ognyanov
0%
17J 7M 25T 27.02.2002 Tschechien Sparta Prag Martin Klein
0%
18J 2M 28T 13.09.2005 Norwegen Rosenborg BK Per Skjelbred
0%
Keine übereinstimmenden Quizze gefunden
Verteilung der Resultate
Anzahl Personen mit jedem Resultat
Perzentil nach korrekt beantworteten Fragen
Ihre Resultats-Entwicklung
Sie haben dieses Quiz noch nicht gespielt